| 000 | 00751nam a2200265Ia 4500 | ||
|---|---|---|---|
| 001 | 16597 | ||
| 003 | GE_BSU | ||
| 008 | 181216s||||||||xx |||||||||||||| ||und|| | ||
| 020 | _aISBN 9781888375794 | ||
| 040 | _cGE_BSU | ||
| 080 | _a29 | ||
| 100 | _aNhat Hạnh, Thich and Wietske Vriezen | ||
| 245 | _aMindful movements | ||
| 260 | _aBerkeley | ||
| 260 | _bParallax Press, | ||
| 260 | _c2008 | ||
| 300 | _a59 p, col. ill, 19 cm. | ||
| 300 | _b+ 1 videodisc (DVD : sd, col, 4 3/4 in.) | ||
| 541 | _h49gel. | ||
| 653 | _aMeditation--Buddhism. Spiritual life--Buddhism. | ||
| 653 | _aMindful movements | ||
| 653 | _aრელიგია | ||
| 653 | _aსულიერი ცხოვრება - ბუდიზმი. | ||
| 942 | _cBK | ||
| 999 |
_c49665 _d49665 |
||